| 000 | 00640nam a2200121Ia 4500 | ||
|---|---|---|---|
| 008 | 171212s9999 xx 000 0 und d | ||
| 020 | _a9780833094360 | ||
| 100 | _aSchaefer, Agnes Gereben;Iyengar, Radha;Kadiyala, Srikanth;Kavanagh, Jennifer;Engel, Charles C.;Williams, Kayla M.;Kress, Amii M. | ||
| 245 |
_cSchaefer, Agnes Gereben;Iyengar, Radha;Kadiyala, Srikanth;Kavanagh, Jennifer;Engel, Charles C.;Williams, Kayla M.;Kress, Amii M. _aAssessing the Implications of Allowing Transgender Personnel to Serve Openly |
||
| 260 |
_bRAND Corporation _c2016 |
||
| 650 | _aHealth Sciences | ||
| 856 | _uhttp://jstor.org/stable/10.7249/j.ctt1d4txv6 | ||
| 999 |
_c351760 _d351760 |
||